Israel in the Eurovision Song Contest - Statistics

General Stats
  • This quiz has been taken 27 times
    3 since last reset
  • The average score is 12 of 48
Answer Stats
Answer % Correct
Hurricane
100%
I.M
100%
Michelle
100%
New Day Will Rise
100%
Toy
100%
Unicorn
100%
Diva (דיווה)
67%
Golden Boy
67%
Home
67%
I Feel Alive
67%
Made of Stars
67%
Set Me Free
67%
A-Ba-Ni-Bi (א-ב-ני-בי)
33%
Hallelujah (הללויה)
33%
Milim (מילים)
33%
Same Heart
33%
Time
33%
Ahava Hi Shir Lishnayim (אהבה היא שיר לשניים)
0%
Amen (אמן)
0%
At Ve'Ani (את ואני)
0%
Ben Adam (בן אדם)
0%
Derekh Hamelekh (דרך המלך)
0%
Ding Dong
0%
Ein Davar (אין דבר)
0%
Emor Shalom (אמור שלום)
0%
Ey Sham (אי שם)
0%
Halayla (הלילה)
0%
Happy Birthday
0%
HaSheket SheNish'ar (השקט שנשאר)
0%
Hi (חי)
0%
Hora (הורה)
0%
Kan (כאן)
0%
Leha'amin (להאמין)
0%
Light a Candle
0%
Natati La Khaiai (נתתי לה חיי)
0%
Olé, Olé (עולה, עולה)
0%
Push The Button
0%
Rak Bishvilo (רק בשבילו)
0%
Sameach (שמח)
0%
Shara Barkhovot (שרה ברחובות)
0%
Shir Habatlanim (שיר הבטלנים)
0%
Shiru (שירו)
0%
The Fire in Your Eyes
0%
There Must Be Another Way
0%
Together We Are One
0%
Words for Love
0%
Yavo Yom (יבוא יום)
0%
Ze Rak Sport (זה רק ספורט)
0%
No matching quizzes found
Score Distribution
Percent of People with Each Score
Percentile by Number Answered
Your Score History
You have not taken this quiz since the last reset